| 000 | 00517nam a2200205Ia 4500 | ||
|---|---|---|---|
| 005 | 20251020182609.0 | ||
| 008 | 200515s9999 xx 000 0 und d | ||
| 082 | _aSC/621.31/R94-P | ||
| 100 | _aRUIZ VASALLO, Francisco | ||
| 245 | 0 | _aManual de puestas a tierra de equipos eléctricos | |
| 250 | _a2a ed. | ||
| 260 | _aBarcelona | ||
| 260 | _c1976 | ||
| 300 | _a169 | ||
| 650 | _aEQUIPOS ELECTRICOS | ||
| 650 | _aINSTALACIONES ELECTRICAS | ||
| 650 | _aMANUALES | ||
| 650 | _aPUESTAS A TIERRA | ||
| 942 | _cLIB | ||
| 999 |
_c3278 _d3278 |
||